000 00238nam a2200109Ia 4500
008 190216s9999||||xx |||||||||||||| ||und||
100 _aRugby Jokes
245 0 _aEven More
260 _bSphere Books Ltd
650 _aEnglish
942 _cBK
999 _c13364
_d13364